000 00725nam a2200253Ia 4500
003 OSt
005 20221006143311.0
006 a|||||r|||| 00| 0
007 ta
008 221006b |||||||| |||| 00| 0 eng d
020 _a0860082970
_c585.20
024 _a8,583
037 _cTextual
040 _aEASL
_cEASL
_beng
041 _2eng
_aeng
082 _aX8(A):5.42.N8, M2
100 _aSHINOHARA Miyohei
_9385398
245 0 _aIndustrial growth, trade and dynamic patterns in the Japanese economy
260 _aTokyo
_bUniversity of Tokyo Press Japan
_c1982
300 _a243p.
_ccm.
490 _v JEL
942 _hX8(A):5.42.N8, M2
_cTEXL
_2CC
999 _c1076669
_d1076669